000 00597nam a2200181Ia 4500
008 090124s9999 xx 000 0 und d
082 _b122614
100 _aगोडबोले अरुण
245 _a अजिंक्यतारा ते आल्म्स
250 _a1
260 _c1988
300 _a313
600 _aगोडबोले अरुण
630 _a अजिंक्यतारा ते आल्म्स
700 _aगोडबोले अरुण
730 _a अजिंक्यतारा ते आल्म्स
942 _cBOOK
999 _c168700
_d168700